<The> Evaluation of economic situation and comparison of Czech and French agricultural enterprises

Porovnanie výsledkov českého a francúzskeho poľnohospodárstva poukazuje na vyššiu intenzitu, produktivitu i rentabilitu francúzskeho poľnohospodárstva. Výrobná efektívnosť vykazuje medzi ČR a Francúzskom malé rozdiely. Poľnohospodárske podniky ČR sú už niekoľko rokov v ekonomických ťažkostiach a len...

Descrizione completa

Salvato in:
Dettagli Bibliografici
Autore principale: Simon, Francoise
Altri autori: Novák, Jaroslav
Natura: Capitolo di libro
Lingua:inglese
Soggetti:
Tags: Aggiungi Tag
Nessun Tag, puoi essere il primo ad aggiungerne!!

MARC

LEADER 00000naa a2200000 4500
001 r046938
005 20231004091454.2
041 0 |a eng 
044 |a CZ 
245 1 0 |a <The> Evaluation of economic situation and comparison of Czech and French agricultural enterprises  |c Francoise Simon, Jaroslav Novák 
520 |a Porovnanie výsledkov českého a francúzskeho poľnohospodárstva poukazuje na vyššiu intenzitu, produktivitu i rentabilitu francúzskeho poľnohospodárstva. Výrobná efektívnosť vykazuje medzi ČR a Francúzskom malé rozdiely. Poľnohospodárske podniky ČR sú už niekoľko rokov v ekonomických ťažkostiach a len malá časť z nich je schopná modernizácie a rozšírenia reprodukcie. Je tiež poukázané na význam spoločnej poľnohospodárskej politiky EÚ pre rozvoj a stabilizáciu francúzskeho poľnohospodárstva. 
610 2 0 |a podnik poľnohospodársky 
610 2 0 |a Česko 
610 2 0 |a Francúzsko 
610 2 0 |a porovnanie medzinárodné 
610 2 0 |a poľnohospodárstvo 
610 2 0 |a výnosnosť 
610 2 0 |a produkcia 
610 2 0 |a hodnota pridaná 
100 1 |a Simon, Francoise 
700 1 |a Novák, Jaroslav